Coastal plain stratigraphy of Mississippi, (Record no. 27025)

MARC details
000 -LEADER
fixed length control field 01259cam a22003131 4500
001 - CONTROL NUMBER
control field gs 33000109
003 - CONTROL NUMBER IDENTIFIER
control field DLC
005 - DATE AND TIME OF LATEST TRANSACTION
control field 20260227111337.0
008 - FIXED-LENGTH DATA ELEMENTS--GENERAL INFORMATION
fixed length control field 780228m19339999msuab b 000 0 eng c
010 ## - LIBRARY OF CONGRESS CONTROL NUMBER
LC control number gs 33000109
035 ## - SYSTEM CONTROL NUMBER
System control number (OCoLC)3677725
040 ## - CATALOGING SOURCE
Original cataloging agency Library, U.S. Geological Survey
Transcribing agency OT
Modifying agency OCoLC
-- DLC
042 ## - AUTHENTICATION CODE
Authentication code premarc
050 00 - LIBRARY OF CONGRESS CALL NUMBER
Classification number QE129
Item number .A2 no. 25
110 2# - MAIN ENTRY--CORPORATE NAME
Corporate name or jurisdiction name as entry element Mississippi Geological, Economic, and Topographical Survey.
245 10 - TITLE STATEMENT
Title Coastal plain stratigraphy of Mississippi,
Statement of responsibility, etc. by Lloyd W. Stephenson, C. Wythe Cooke and E.N. Lowe. Prepared in cooperation with the U.S. Geological Survey.
260 ## - PUBLICATION, DISTRIBUTION, ETC.
Name of publisher, distributor, etc. University,
Date of publication, distribution, etc. 1933-
300 ## - PHYSICAL DESCRIPTION
Extent v.
Other physical details illus., fold. maps.
Dimensions 24 cm.
490 1# - SERIES STATEMENT
Series statement Its Bulletin
Volume/sequential designation no. 25
500 ## - GENERAL NOTE
General note Published by the survey under its earlier name: State Geological Survey.
504 ## - BIBLIOGRAPHY, ETC. NOTE
Bibliography, etc. note Bibliographical foot-notes.
505 1# - FORMATTED CONTENTS NOTE
Formatted contents note Pt. 1. Midway and Wilcox groups, by E.N. Lowe.
650 #0 - SUBJECT ADDED ENTRY--TOPICAL TERM
Topical term or geographic name entry element Geology, Stratigraphic
Chronological subdivision Tertiary.
650 #0 - SUBJECT ADDED ENTRY--TOPICAL TERM
Topical term or geographic name entry element Geology
Geographic subdivision Mississippi.
700 1# - ADDED ENTRY--PERSONAL NAME
Personal name Stephenson, Lloyd William,
Dates associated with a name 1876-
700 1# - ADDED ENTRY--PERSONAL NAME
Personal name Cooke, Charles Wythe,
Dates associated with a name 1887-
700 1# - ADDED ENTRY--PERSONAL NAME
Personal name Lowe, E. N.
Fuller form of name (Ephraim Noble),
Dates associated with a name 1864-1933.
810 2# - SERIES ADDED ENTRY--CORPORATE NAME
Corporate name or jurisdiction name as entry element Mississippi Geological, Economic, and Topographical Survey.
Title of a work Bulletin
Volume/sequential designation no. 25.

No items available.

Powered by Koha